00674cam a2200229 a 450000100100000000500170001000800410002704000250006804100130009308200190010610000290012524000270015424500780018126000330025930000210029249000100031353400380032365000200036165000240038170000290040583000100043400000473020200929151507.0780330s1955 sp 000 1 spa  aDO-SdBNPbspacBNPHU17aspahfre a843.912bC421s1 aCesbron, Gilbert,d1913-10aSouveraine.lEspañol13aLa soberana :bnovela /cGilbert Cesbron ; Traductora, Gloria Martinengo. aBarcelona :bPlaneta,c1955. a397 p. ;c19 cm.1 aLuyve pTítulo original:tLa Souveraine 4aNovela francesa 4aLiteratura francesa1 aMartinengo, Gloria,etr. 0aLuyve